| 000 | 00751nam a2200241 a 4500 | ||
|---|---|---|---|
| 001 | 62967 | ||
| 003 | BD-RjUL | ||
| 005 | 20211209081139.0 | ||
| 008 | 170126s1956 xx 000 0 und d | ||
| 035 | _a(BD-RjUL)63095 | ||
| 040 |
_aEQO _cEQO _beng _dBD-RjUL |
||
| 041 | _aeng | ||
| 082 |
_a828.08 _bPEL 1956 |
||
| 245 | 0 | 4 |
_aThe Pelican book of English prose / _cGen. ed. K. Allott. |
| 260 |
_aHarmondsworth : _bPenguin Book, _c1956. |
||
| 300 |
_av. ; _c18 cm. |
||
| 490 | 1 |
_aPelican books ; _vA 360-A 364 |
|
| 505 | 0 | _aVol. 1 Elizabethan and Jacobean prose : 1550-1620 / ed. by Kenneth Muir -- | |
| 650 |
_aEnglish prose literature _9187262 |
||
| 700 | 1 |
_aAllott, K. _9187263 |
|
| 830 | 0 |
_aPelican books ; _vA 360-A 364 _9172901 |
|
| 942 |
_2ddc _cBK |
||
| 999 |
_c62967 _d62967 |
||